| 000 | 01183cam a22003851i 4500 | ||
|---|---|---|---|
| 001 | 2456498 | ||
| 003 | OSt | ||
| 005 | 20180116183022.0 | ||
| 008 | 720713s1971 rur b 000 0 eng | ||
| 010 | _a 72181004 //r83 | ||
| 015 | _aUSSR*** | ||
| 020 | _a0 | ||
| 035 | _a(OCoLC)481575 | ||
| 035 | _a(OCoLC)ocm00481575 | ||
| 035 | _a(NNC)2456498 | ||
| 040 |
_aDLC _cDLC _dDLC |
||
| 041 | 1 |
_aeng _hrus |
|
| 043 | _aee----- | ||
| 050 | 0 | 0 |
_aHD84.5 _b.A3513 |
| 082 | 0 | 0 | _a330.9 AFA 1971 |
| 090 |
_aHD84.5 _b.A3513 |
||
| 100 | 1 |
_aV.G. Afanasyev _q(Viktor Grigorʹevich) |
|
| 240 | 1 | 0 | _lEnglish |
| 245 | 1 | 4 |
_aThe Scientific Management of Society _c[by] V. G. Afanasyev. [Translated from the Russian by L. Ilyitskaya, edited by R. Daglish]. |
| 260 |
_aMoscow, _bProgress Publishers _c[1971] |
||
| 300 |
_a284 p. _c21 cm. _bHB |
||
| 440 | _aThe Scientific Management of Society | ||
| 500 | _aTranslation of Nauchnoe upravlenie obshchestvom. | ||
| 504 | _aIncludes bibliographical references. | ||
| 650 | 0 | _aEconomic policy. | |
| 650 | 0 | _aSocial policy. | |
| 651 | 0 |
_aCommunist countries _xEconomic policy. |
|
| 942 |
_2ddc _cBK _k330.9 AFA 1971 |
||
| 999 |
_c350635 _d350635 |
||